01066nas a2200241Ia 4500001001100000003000900011008004100020040001300061040001300074041001200087100005000099210001700149222001700166242014800183245011900331250001100450260004600461501008600507300002000593362003700613500013800650650003600788R020/B1018IT-RoPAU151124c99999999xx |||||||||||| ||und|| aIT-RoPAU cIT-RoPAU aINGLESE aAnderson Gillian B.gCodice Aut. SPICS: 25915 aGRIFFITHIANA aGriffithiana aNIENTE MUSICA FINO AL PUNTO INDICATO: LA RICOSTRUZIONE DI INTOLERANCE CON LA PARTITURA DI JOSEPH CARL BREILnCod. Traduzione Titolo: B1030yITA aGRIFFITHIANA, ANNO 13-N.38/39 (OTTOBRE 1990)bNo Music Until Cue-The Reconstruction Of D.W. Griffith'S Intolerance a1a ed. aGEMONA (UDINE)bCINETECA DEL FRIULIc1990 bPaulus - SPICS - Società San Paolo EM (non-commercial uses only)cCopyright2015 a12 p. [158-169] aANNO 013, N.38/39 (OTTOBRE 1990) aRicostruzione del Film Intolerance di Griffith. Riflessioni Sulla Musica del Film. Principali Sezioni della Partitura per Pianoforte. aCINEMAvPUBBLICAZIONE PERIODICA